Proceedings Of The National Institute Of Sciences Of India Vol.21 Part B (Record no. 587171)

MARC details
000 -LEADER
fixed length control field 00527nam a2200145Ia 4500
008 - FIXED-LENGTH DATA ELEMENTS--GENERAL INFORMATION
fixed length control field 100415s9999 xx 000 0 und d
082 ## - DEWEY DECIMAL CLASSIFICATION NUMBER
Item number 4186
Classification number 500
100 ## - MAIN ENTRY--PERSONAL NAME
Personal name P.N.I
245 ## - TITLE STATEMENT
Title Proceedings Of The National Institute Of Sciences Of India Vol.21 Part B
260 ## - PUBLICATION, DISTRIBUTION, ETC. (IMPRINT)
Place of publication, distribution, etc Calcatta
Date of publication, distribution, etc 1955
Name of publisher, distributor, etc National Institute Of Sciences
365 ## - TRADE PRICE
Price amount 0
630 ## - SUBJECT ADDED ENTRY--UNIFORM TITLE
Uniform title Proceedings Of The National Institute Of Sciences Of India Vol.21 Part B
730 ## - ADDED ENTRY--UNIFORM TITLE
Uniform title Proceedings Of The National Institute Of Sciences Of India Vol.21 Part B
942 ## - ADDED ENTRY ELEMENTS (KOHA)
Koha item type Book
Holdings
Withdrawn status Lost status Damaged status Not for loan Home library Current library Date acquired Cost, normal purchase price Total Checkouts Full call number Barcode Date last seen Price effective from Koha item type
        Bombay Natural History Society Bombay Natural History Society 11/03/1959 0.00   500 4186 BNHS-4186 04/15/2010 04/15/2010 Book